000 01848cam a2200361 a 4500
001 4048
003 BD-DhEWU
005 20140623154210.0
008 021101s2003 enk g bf 001 0 eng
010 _a 2002153226
020 _a9780415234771
020 _a0415234778 (alk. paper)
020 _a0415234786 (pbk. : alk. paper)
035 _a(OCoLC) 50960704
040 _aDLC
_cDLC
_dOCLCQ
_dC#P
_dBAKER
_dNLGGC
_dDLC
_dBD-DhEWU
_beng
041 _aeng
050 0 0 _aPR4837
_b.R59 2003
082 0 0 _a821.7
_222
_bROU 2003
245 0 4 _aThe poems of John Keats :
_ba sourcebook /
_cedited by John Strachan.
260 _aLondon ;
_aNew York :
_bRoutledge,
_c2003.
300 _axi, 198 p. ;
_c22 cm.
440 0 _aRoutledge guides to literature
_9333
504 _aIncludes bibliographical references (p. [189]-191) and index.
505 1 _aIncludes annotated full texts of: On First Looking into Chapman's Homer, The Eve of St. Agnes, La Belle Dame Sans Merci, To Sleep, Ode to Psyche, Ode to a Nightingale, Ode on A Grecian Urn, Ode on Melancholy, To Autumn, as well as extracts from Endymion, Isabella; or, The Pot of Basil, Hyperion, Lamia, and The Fall of Hyperion.
520 _aJohn Keats was one of the central figures of English Romanticism and is still one of England's most popular poets. This sourcebook brings together texts and documents that provide a gateway towards an understanding of the man, his life and his work.
526 _aEnglish
590 _aShaharima Parvin
653 0 0 _aEnglish Literature-Poems
700 1 _aStrachan, John
_q(John R.),
_d1961-
_913056
856 4 2 _3Publisher description
_uhttp://www.loc.gov/catdir/enhancements/fy0701/2002153226-d.html
856 4 2 _3Worldcat details
_uhttps://www.worldcat.org/title/poems-of-john-keats-a-sourcebook/oclc/50960704&referer=brief_results
942 _2ddc
_cTEXT
999 _c4048
_d4048